| Tag |
First Indicator |
Second Indicator |
Subfields |
| LEADER |
00000cam a22000008a 4500 |
| 001 |
in00000926721 |
| 005 |
20150924201821.0 |
| 008 |
900327s1990 wb 10000 eng |
| 010 |
|
|
|a 90009720
|
| 020 |
|
|
|a 0387524789 (U.S.)
|
| 035 |
|
|
|a (OCoLC)21377132
|
| 035 |
|
|
|9 AEQ8548AM
|
| 040 |
|
|
|a DLC
|c DLC
|d TXA
|d UtOrBLW
|
| 043 |
|
|
|a a-cc---
|
| 049 |
|
|
|a TXAM
|c [A13369460]
|
| 050 |
0 |
0 |
|a T27.C5
|b F76 1990
|
| 082 |
0 |
0 |
|a 338.95107
|2 20
|
| 245 |
0 |
0 |
|a From technology transfer to technology management in China /
|c Theodore Leuenberger (editor).
|
| 264 |
|
1 |
|a Berlin ;
|a New York :
|b Springer-Verlag,
|c [1990]
|
| 264 |
|
4 |
|c ©1990
|
| 300 |
|
|
|a viii, 281 pages :
|b illustrations
|
| 336 |
|
|
|a text
|b txt
|2 rdacontent
|
| 337 |
|
|
|a unmediated
|b n
|2 rdamedia
|
| 338 |
|
|
|a volume
|b nc
|2 rdacarrier
|
| 490 |
1 |
|
|a Europe-Asia-Pacific studies in economy and technology
|
| 500 |
|
|
|a Pt. 3 consists of selected contributions to an international conference organized by the Development Research Centre of the State Council, held May 30-June 2, 1988, in Beijing.
|
| 650 |
|
0 |
|a Technology and state
|z China.
|
| 650 |
|
0 |
|a Technology transfer
|z China.
|
| 700 |
1 |
|
|a Leuenberger, Theodor,
|d 1935-
|
| 710 |
2 |
|
|a Guo wu yuan fa zhan yan jiu zhong xin (China)
|
| 830 |
|
0 |
|a Europe-Asia-Pacific studies in economy and technology.
|
| 999 |
|
|
|a MARS
|
| 999 |
f |
f |
|s 62ccf8dc-c99e-35e4-80f5-e0136750db71
|i 602e2dd6-751e-3e7a-ab41-b9eeaed8c2a8
|t 0
|
| 952 |
f |
f |
|p ric
|a Texas A&M University
|b Rellis Campus
|c Joint Library Facility
|d Remote Storage
|t 0
|e T27.C5 F76 1990
|h Library of Congress classification
|i unmediated -- volume
|m A14813369460
|
| 998 |
f |
f |
|a T27.C5 F76 1990
|t 0
|l Remote Storage
|